000 01567cam a2200421 i 4500
001 52905
003 KOSZ 005
005 20221122123819.0
008 040123s2001 pl a f |000 0 pol
015 _aPB 2004/11762
020 _a8387674230
035 _a(OCoLC)830542992
040 _aWA N
_cKOSZ 005/HR
_dKOSZ 005/HR
046 _k2001
080 _a616-07
080 _a621.317
245 0 0 _aBiopomiary /
_cred. t. Władysław Torbicz [et al.] ; Polska Akademia Nauk.
260 _aWarszawa :
_b"Exit" :
_bprzy współpr. Polskiego Towarzystwa Techniki Sensorowej,
_c2001.
300 _a[32], 1032 s. :
_bfot., rys., tab., wykr. ;
_c24 cm.
336 _2rdacontent
_aTekst
_btxt
337 _2rdamedia
_aBez urządzenia pośredniczącego
_bn
338 _2rdacarrier
_aWolumin
_bnc
380 _aKsiążki
380 _aPiublikacje naukowe
388 _a2001-
490 1 _aBiocybernetyka i inżynieria biomedyczna 2000 / pod red. Macieja Nałęcza ;
_vt. 2.
504 _aBibliogr. przy rozdz.
650 4 _aBiopomiary
650 4 _aPrzetworniki pomiarowe
658 _aMedycyna i zdrowie
658 _aInżynieria i technika
700 1 _aNałęcz, Maciej
_d(1922-2009)
_eRedakcja
700 1 _aTorbicz, Władysław
_d(1935- )
_eRedakcja
710 2 _aAkademicka Oficyna Wydawnicza Exit
_4pbl.
830 0 _aBiocybernetyka i inżynieria biomedyczna 2000
_vt. 2
856 _uhttp://koha.tu.koszalin.pl/cgi-bin/koha/opac-detail.pl?biblionumber=52905
_yKatalog online BPK
942 _2UKD
_cKS
999 _c52905
_d52905